|
|
|
|
| LEADER |
03290nam a2200697 4500 |
| 001 |
ocn702645256 |
| 003 |
OCoLC |
| 005 |
20170124071525.9 |
| 006 |
m o d |
| 007 |
cr cnu---unuuu |
| 008 |
110218s2011 iau ob 001 0 eng d |
| 040 |
|
|
|a N$T
|b eng
|e pn
|c N$T
|d CDX
|d E7B
|d OCLCQ
|d FXR
|d KNOVL
|d DEBSZ
|d OCLCQ
|d ZCU
|d OCLCQ
|d N$T
|d KNOVL
|d OCLCF
|d OCLCO
|d DG1
|d YDXCP
|d OCLCQ
|d COO
|d OCLCQ
|d DG1
|d GrThAP
|
| 019 |
|
|
|a 695558400
|a 703209324
|a 741925898
|a 748779758
|
| 020 |
|
|
|a 9781444391053
|q (electronic bk.)
|
| 020 |
|
|
|a 1444391054
|q (electronic bk.)
|
| 020 |
|
|
|a 9781613445242
|q (electronic bk.)
|
| 020 |
|
|
|a 1613445245
|q (electronic bk.)
|
| 020 |
|
|
|a 9781444391060
|q (electronic bk.)
|
| 020 |
|
|
|a 1444391062
|q (electronic bk.)
|
| 020 |
|
|
|a 9781444391046
|q (e-book)
|
| 020 |
|
|
|a 1444391046
|q (e-book)
|
| 020 |
|
|
|z 9781405199780
|
| 020 |
|
|
|z 1405199784
|
| 024 |
8 |
|
|a 9786612944482
|
| 024 |
7 |
|
|a 10.1002/9781444391060
|2 doi
|
| 029 |
1 |
|
|a AU@
|b 000047945810
|
| 029 |
1 |
|
|a AU@
|b 000049789865
|
| 029 |
1 |
|
|a DEBSZ
|b 371513294
|
| 029 |
1 |
|
|a DEBSZ
|b 372693997
|
| 029 |
1 |
|
|a NLGGC
|b 336146582
|
| 029 |
1 |
|
|a NZ1
|b 14682557
|
| 029 |
1 |
|
|a NZ1
|b 14686816
|
| 029 |
1 |
|
|a NZ1
|b 15351044
|
| 035 |
|
|
|a (OCoLC)702645256
|z (OCoLC)695558400
|z (OCoLC)703209324
|z (OCoLC)741925898
|z (OCoLC)748779758
|
| 037 |
|
|
|a 294448
|b MIL
|
| 050 |
|
4 |
|a TP370
|b .P62 2011eb
|
| 072 |
|
7 |
|a TEC
|x 012000
|2 bisacsh
|
| 082 |
0 |
4 |
|a 664.02
|2 22
|
| 049 |
|
|
|a MAIN
|
| 245 |
0 |
0 |
|a Practical food rheology :
|b an interpretive approach /
|c edited by Ian T. Norton, Fotios Spyropoulos and Philip Cox.
|
| 264 |
|
1 |
|a Ames, Iowa :
|b Blackwell,
|c [2011]
|
| 264 |
|
4 |
|c ©2011
|
| 300 |
|
|
|a 1 online resource (264 pages)
|
| 336 |
|
|
|a text
|b txt
|2 rdacontent
|
| 337 |
|
|
|a computer
|b c
|2 rdamedia
|
| 338 |
|
|
|a online resource
|b cr
|2 rdacarrier
|
| 504 |
|
|
|a Includes bibliographical references and index.
|
| 588 |
0 |
|
|a Print version record.
|
| 505 |
0 |
|
|a 1. Introduction -- why the interpretive approach? / Niall W.G. Young -- 2. Viscosity and oscillatory rheology / Taghi Miri -- 3. Doppler ultrasound-based rheology / Beat Birkhofer -- 4. Hydrocolloid gums -- their role and interactions in foods / Tim Foster and Bettina Wolf -- 5. Xanthan gum -- functionality and application -- 6. Alginates in foods / Alan M. Smith and Taghi Miri -- 7. Dairy systems / E. Allen Foegeding, Bongkosh Vardhanabhuti and Xin Yang -- 8. Relationship between food rheology and perception / John R. Mitchell and Bettina Wolf -- 9. Protein-stabilised emulsions and rheological aspects of structure and mouthfeel / Fotios Sypropouls [and others] -- 10. Rheological control and understanding necessary to formulated health everyday foods / Ian T. Norton [and others].
|
| 650 |
|
0 |
|a Food.
|
| 650 |
|
0 |
|a Rheology.
|
| 650 |
|
7 |
|a TECHNOLOGY & ENGINEERING
|x Food Science.
|2 bisacsh
|
| 650 |
|
7 |
|a Food.
|2 fast
|0 (OCoLC)fst00930458
|
| 650 |
|
7 |
|a Rheology.
|2 fast
|0 (OCoLC)fst01096929
|
| 655 |
|
4 |
|a Electronic books.
|
| 700 |
1 |
|
|a Norton, Ian T.
|
| 700 |
1 |
|
|a Spyropoulos, Fotios.
|
| 700 |
1 |
|
|a Cox, Philip.
|
| 776 |
0 |
8 |
|i Print version:
|t Practical food rheology.
|d Ames, Iowa : Blackwell, 2011
|z 9781405199780
|w (DLC) 2010022798
|w (OCoLC)643081640
|
| 856 |
4 |
0 |
|u https://doi.org/10.1002/9781444391060
|z Full Text via HEAL-Link
|
| 994 |
|
|
|a 92
|b DG1
|